000
00262nam a22000977a 4500
999
_c
11493
_d
11493
008
190529b ||||| |||| 00| 0 eng d
020
_a
9780330511704
100
_a
Liddell Hart
_9
7210
245
_a
A History of the First World War
260
_a
London
_b
PAN Books
_c
2014